| 000 | 00972nam a22002537a 4500 | ||
|---|---|---|---|
| 005 | 20170123164142.0 | ||
| 010 | _aB-081159 | ||
| 020 | _c100.00 | ||
| 035 | _aB-081159 | ||
| 037 | _bCen Lib / Ret | ||
| 040 |
_aDPL _bPN |
||
| 082 |
_a851 _2ਮਾਨਸੁ |
||
| 100 |
_aਸੁਖਵੰਤ ਕੌਰ ਮਾਨ _950252 |
||
| 245 |
_aਭਿੳਙੀ / _cਸ਼ੁਖਵੰਤ ਕੌਰ ਮਾਨ _b(ਗਾਲਾਪ ਕਾਵ ) |
||
| 246 |
_aDeohri : galap kaav / _bby Sukhwant Kaur Maan |
||
| 260 |
_aਲੁਧਿਆਣਾ _bਚੇਤਨਾ ਪ੍ਰਕਾਸ਼ਨ _c2003 |
||
| 270 |
_aਪੰਜਾਬੀ ਬਵਨ _bਲੁਧਿਆਣਾ |
||
| 300 |
_a88p. _c22cm(Hb) |
||
| 650 |
_aਪੰਜਾਬੀ ਸਾਹਿਤ - ਕਵਿਤਾਵਾਂ _9780 |
||
| 650 |
_a ਪੰਜਾਬੀ ਕਵਿਤਾਵਾਂ _9136056 |
||
| 650 |
_aPunjabi Literature _9136057 |
||
| 650 |
_aPunjabi Poetry _9136058 |
||
| 942 |
_2ddc _cPN _h851 _mਮਾਨਸੁ |
||
| 999 |
_c109744 _d109744 |
||